English Nature calls for more homes (Record no. 73420)
[ view plain ]
| 000 -LEADER | |
|---|---|
| fixed length control field | 01247cam a2200229 4500 |
| 001 - CONTROL NUMBER | |
| control field | WB3935-06 |
| 008 - FIXED-LENGTH DATA ELEMENTS--GENERAL INFORMATION | |
| fixed length control field | 030917n2003 000 0 eng u |
| 035 ## - SYSTEM CONTROL NUMBER | |
| System control number | (Sirsi) u123639 |
| 245 ## - TITLE STATEMENT | |
| Title | English Nature calls for more homes |
| 260 ## - PUBLICATION, DISTRIBUTION, ETC. | |
| Date of publication, distribution, etc. | 2003 |
| 490 ## - SERIES STATEMENT | |
| Series statement | Estates Gazette |
| Volume/sequential designation | (0337) 13 September 2003, 36(1) |
| 490 ## - SERIES STATEMENT | |
| Series statement | English Nature Press Release |
| Volume/sequential designation | 10 September 2003 (2) |
| 520 ## - SUMMARY, ETC. | |
| Summary, etc. | English Nature has said that low-density housing provides a better environment for wildlife than arable-intensive farmland. The organisation believes that both development and agricultural policy and practice need to be sustainable. English Nature holds that sustainable agricultural land management is better than housing development for the English countryside and that agricultural policy needs to change to counter 50 years of intensive farming practices. Building developments also need to consider land use and incorporate green space for people and wildlife. http://www.englishnature.org/news/story.asp?ID=516 |
| 590 ## - LOCAL NOTE (RLIN) | |
| Local note | WB |
| 650 ## - SUBJECT ADDED ENTRY--TOPICAL TERM | |
| Topical term or geographic name entry element | HOUSING DEVELOPMENTS |
| 650 ## - SUBJECT ADDED ENTRY--TOPICAL TERM | |
| Topical term or geographic name entry element | GREEN SPACES |
| 650 ## - SUBJECT ADDED ENTRY--TOPICAL TERM | |
| Topical term or geographic name entry element | WILDLIFE |
| 650 ## - SUBJECT ADDED ENTRY--TOPICAL TERM | |
| Topical term or geographic name entry element | FARMING PRACTICES |
| 650 ## - SUBJECT ADDED ENTRY--TOPICAL TERM | |
| Topical term or geographic name entry element | LAND MANAGEMENT |
| 690 ## - LOCAL SUBJECT ADDED ENTRY--TOPICAL TERM (OCLC, RLIN) | |
| Topical term or geographic name as entry element | ENVIRONMENTAL AND LAND CONSULTANCY |
| 942 ## - ADDED ENTRY ELEMENTS (KOHA) | |
| Suppress in OPAC | 0 |
| Withdrawn status | Lost status | Source of classification or shelving scheme | Damaged status | Not for loan | Home library | Current library | Shelving location | Date acquired | Total Checkouts | Full call number | Barcode | Date last seen | Copy number | Price effective from | Koha item type |
|---|---|---|---|---|---|---|---|---|---|---|---|---|---|---|---|
| Dewey Decimal Classification | London | London | News article | 17/09/2003 | WB3935-06 | 123639-1001 | 06/08/2019 | 1 | 06/08/2019 | News article |